| 000 | 01785cam a2200133 4500500 | ||
|---|---|---|---|
| 005 | 20251214002008.0 | ||
| 041 | _afre | ||
| 042 | _adc | ||
| 100 | 1 | 0 |
_aGemenne, François _eauthor |
| 245 | 0 | 0 | _aGéopolitique du climat : Les relations internationales dans un monde en surchauffe |
| 260 |
_bArmand Colin,
_c2021. |
||
| 520 | _aLe climat n’est plus une simple question environnementale : il est désormais incontournable dans les relations internationales et est devenu un enjeu diplomatique majeur. Sujet de préoccupation croissante des citoyens dans la plupart des pays industrialisés, il est également entré de plain-pied en démocratie à la faveur des mobilisations de jeunes emmenés par Greta Thunberg, et fait aujourd'hui l’objet d’âpres débats politiques et électoraux.Car il y a urgence. Si la pandémie de Covid-19 a laissé croire à l’émergence d’un « monde d’après », les émissions de gaz à effet de serre sont reparties de plus belle après la levée du premier confinement. Les événements extrêmes sont de plus en plus fréquents dans toutes les régions du monde, et tous les grands enjeux du XXIe siècle, du développement aux migrations, sont traversés par la question du changement climatique.Cet ouvrage vient montrer en quoi la coopération internationale, aussi imparfaite et laborieuse soit-elle, reste nécessaire pour lutter contre le réchauffement climatique, et pourquoi les enjeux soulevés par le climat redessinent les relations internationales. Car gouverner le climat, désormais, c’est aussi gouverner l’irréversible, ce qui passera notamment par des choix collectifs déterminants. | ||
| 856 | 4 | 1 | _uhttps://shs.cairn.info/geopolitique-du-climat--9782200632427?lang=fr&redirect-ssocas=7080 |
| 999 |
_c1566670 _d1566670 |
||